MARC
|
|
|
|
| LEADER |
00000nam0a2200000 4500 |
| 001 |
359976 |
| 005 |
20250211063212.0 |
| 035 |
|
|
|a (RuTPU)RU\TPU\retro\17283
|
| 035 |
|
|
|a RU\TPU\retro\17282
|
| 090 |
|
|
|a 359976
|
| 100 |
|
|
|a 20210216d1964 k y0rusy5003 ca
|
| 101 |
0 |
|
|a rus
|
| 102 |
|
|
|a RU
|
| 105 |
|
|
|a y z 001zy
|
| 200 |
1 |
|
|a Вычислительная техника
|e [тематический сборник]
|f Московский энергетический институт ; под ред. Д. А. Поспелова ; под ред. А. Г. Шигина
|
| 210 |
|
|
|a Москва
|c Изд-во МЭИ
|d 1964
|
| 215 |
|
|
|a 160 с.
|c табл., ил.
|
| 225 |
1 |
|
|a Труды Московского энергетического института (МЭИ)
|v Вып. 53
|v Сборник № 2
|
| 320 |
|
|
|a Библиогр. в конце ст.
|
| 500 |
1 |
0 |
|a Труды Московского энергетического института
|9 88841
|
| 606 |
1 |
|
|a Вычислительная техника
|x В целом
|2 stltpush
|3 (RuTPU)RU\TPU\subj\4023
|9 32339
|
| 610 |
1 |
|
|a частотная матрица
|
| 610 |
1 |
|
|a импликативная логика
|
| 610 |
1 |
|
|a электролюминофоры
|
| 610 |
1 |
|
|a выходные устройства ЭВМ
|
| 610 |
1 |
|
|a распознавание образов
|
| 610 |
1 |
|
|a комбинированный метод
|
| 610 |
1 |
|
|a машины дискретного действия
|
| 610 |
1 |
|
|a феррит-транзисторные схемы
|
| 610 |
1 |
|
|a динамика электропривода
|
| 610 |
1 |
|
|a электрическое моделирование
|
| 675 |
|
|
|a 681.31
|v 3
|
| 702 |
|
1 |
|a Поспелов
|b Д. А.
|4 340
|
| 702 |
|
1 |
|a Шигин
|b А. Г.
|4 340
|
| 712 |
0 |
2 |
|a Московский энергетический институт
|c (1930-1992)
|3 (RuTPU)RU\TPU\col\20092
|9 27693
|
| 801 |
|
0 |
|a RU
|b 63413507
|c 19950704
|g psbo
|
| 801 |
|
1 |
|a RU
|b 63413507
|c 20060118
|g PSBO
|
| 801 |
|
2 |
|a RU
|b 63413507
|c 20220207
|g PSBO
|
| 942 |
|
|
|c BK
|